000 00685nam a2200253Ia 4500
003 OSt
005 20221006142553.0
006 a|||||r|||| 00| 0
007 ta
008 221006b |||||||| |||| 00| 0 eng d
020 _c653.40
024 _a6,621
037 _cTextual
040 _aEASL
_cEASL
_beng
041 _2eng
_aeng
082 _aY:5:6.41.N8, M5
100 _aSong Jian, etc.
_9647945
245 0 _aPopulation control in China
_b Theory and applications
260 _aPraeger
_bPraeger Special Studies
_c1985
300 _a299p.
_ccm.
490 _v CEL
942 _hY:5:6.41.N8, M5
_cTEXL
_2CC
999 _c1074707
_d1074707